Soviet progress vs. American enterprise /

Bibliographic Details
Corporate Author: Committee for Economic Development
Other Authors: Randall, Clarence B., Allen, E. L. (Edward L.), Nixon, Richard M. (Richard Milhous), 1913-1994
Format: Book
Language:English
Published: Garden City, N.Y. : Doubleday & Co., 1958.
Edition:1st ed.
Subjects:

MARC

Tag First Indicator Second Indicator Subfields
LEADER 00000cam a2200000 4500
001 in00000068374
005 20151008051959.0
008 720125s1958 nyu 00000 eng u
010 |a  58008462  
035 |a (OCoLC)00227976 
035 |9 AAH1049AM 
040 |c WSU  |d TXA  |d UtOrBLW 
049 |a TXAM  |c 1 [410951] 
050 0 |a HC336  |b .C6 
090 |a HC336  |b .C66 1958 
092 |a 338.973  |b C734s 
110 2 |a Committee for Economic Development. 
245 1 0 |a Soviet progress vs. American enterprise /  |c report of a confidential briefing session held at the fifteenth anniversary meeting of the Committee for Economic Development, on November 21, 1957, in Washington, D.C. 
246 3 |a Soviet progress versus American enterprise 
246 1 4 |a Confidential briefing papers prepared for the Committee for Economic Development Soviet progress vs. American enterprise by such experts as Clarence B. Randall, Edward L. Allen, and Richard M. Nixon. 
250 |a 1st ed. 
264 1 |a Garden City, N.Y. :  |b Doubleday & Co.,  |c 1958. 
300 |a 126 pages ;  |c 22 cm. 
336 |a text  |b txt  |2 rdacontent 
337 |a unmediated  |b n  |2 rdamedia 
338 |a volume  |b nc  |2 rdacarrier 
500 |a Accession # 410951. 
536 |a Dr. Charles E. Ferguson and Dr. Melvin L. Greenhut, Economics Collection. 
650 0 |a Industries  |z Soviet Union. 
650 0 |a Industries  |z United States. 
700 1 |a Randall, Clarence B. 
700 1 |a Allen, E. L.  |q (Edward L.) 
700 1 |a Nixon, Richard M.  |q (Richard Milhous),  |d 1913-1994. 
999 |a MARS 
999 f f |s f251a199-752e-3f57-92d8-0f39724d72c5  |i 86f6f2db-c767-389e-9c06-d90e707b62dc  |t 0 
952 f f |p ric  |a Texas A&M University  |b Rellis Campus  |c Joint Library Facility  |d Remote Storage  |t 0  |e HC336 .C66 1958  |h Library of Congress classification  |i unmediated -- volume  |m A14812656937 
998 f f |a HC336 .C66 1958  |t 0  |l Remote Storage